|
|
|
|
| LEADER |
00000nam a2200000Ii 4500 |
| 001 |
DIGUAOCCTE0105 |
| 003 |
NyNyDIG |
| 006 |
m o d |
| 007 |
cr ||||||||||| |
| 008 |
240915s2022 ck a ob 000 0 spa d |
| 035 |
|
|
|a (OCoLC)1420743809
|
| 040 |
|
|
|a DGITA
|b eng
|e rda
|e pn
|c DGITA
|
| 020 |
|
|
|a 9789586191142
|q eBook
|
| 020 |
|
|
|a 9789586191135
|q eBook
|
| 020 |
|
|
|z 9789586191128
|
| 050 |
1 |
4 |
|a QA76.76.I59 ebook
|
| 100 |
1 |
|
|a Peláez Ayala, Carlos Alberto,
|e author.
|
| 245 |
1 |
0 |
|a Preproducción de sistemas multimedia :
|b un enfoque centrado en la co-creación de valor y el diseño responsable /
|c Carlos Alberto Peláez Ayala, Andrés Fernando Solano Alegría, Antoni Granollers Saltiveri.
|
| 264 |
|
1 |
|a Colombia :
|b Universidad Autónoma de Occidente ;
|a España :
|b Edicions de la Universitat de Lleida,
|c 2022.
|
| 300 |
|
|
|a 1 online resource :
|b illustrations.
|
| 336 |
|
|
|a text
|b txt
|2 rdacontent
|
| 337 |
|
|
|a computer
|b c
|2 rdamedia
|
| 338 |
|
|
|a online resource
|b cr
|2 rdacarrier
|
| 347 |
|
|
|a text file
|2 rdaft
|
| 347 |
|
|
|b EPUB
|
| 504 |
|
|
|a Includes bibliographical references.
|
| 588 |
0 |
|
|a Online resource; title from ePub title page (Digitalia, viewed September 15, 2024)
|
| 650 |
|
0 |
|a Interactive multimedia.
|
| 650 |
|
0 |
|a Multimedia systems
|x Art.
|
| 700 |
1 |
|
|a Solano Alegría, Andrés Fernando,
|e author.
|
| 700 |
1 |
|
|a Granollers, Toni,
|e author.
|
| 776 |
0 |
8 |
|i Print version:
|a Peláez Ayala, Carlos Alberto.
|t Preproducción de sistemas multimedia.
|d Colombia : Universidad Autónoma de Occidente ; España : Edicions de la Universitat de Lleida, 2022
|z 9789586191128
|
| 791 |
2 |
|
|a Digitalia (Firm),
|e distributor.
|
| 793 |
0 |
|
|g Digitalia eBook Collection:
|a Universidad Autónoma de Occidente
|
| 856 |
4 |
0 |
|3 Digitalia Hispánica
|u https://www.digitaliapublishing.com/a/157205/
|
| 910 |
|
|
|a Premium collection: 2024
|